| 000 | 01048cam a22003854a 4500 | ||
|---|---|---|---|
| 003 | OSt | ||
| 005 | 20140310184523.0 | ||
| 008 | 060812s2006 nyua 000 0 eng | ||
| 010 | _a 2006297394 | ||
| 020 | _a0439757126 | ||
| 040 |
_aDLC _cDLC _dDLC |
||
| 050 | 0 | 0 |
_aAG 243 _b.C356 2006 |
| 100 | 1 |
_aCarangelo, Audrey. _922866 |
|
| 245 | 1 | 0 |
_aHow unusual! / _cAudrey Carangelo. |
| 260 |
_aNew York : _bScholastic, _c2006. |
||
| 300 |
_a16 p. : _bcol. ill. ; _c23 cm. |
||
| 490 | 0 |
_aScholastic FX books ; _vbk. 5 |
|
| 521 | _aG1 | ||
| 526 | _c260 | ||
| 650 | 0 |
_aCuriosities and wonders. _921910 |
|
| 906 |
_a7 _bcbc _corignew _d2 _encip _f20 _gy-gencatlg |
||
| 942 |
_2lcc _cBK-SCHOLAS |
||
| 999 |
_c35069 _d35069 |
||